Vplyv prostredia na finančnú situáciu podniku diplomová práca

Na minha lista:
Detalhes bibliográficos
Autor principal: Bajcsiová, Ágnes
Autor Corporativo: Fakulta podnikového manažmentu EU. Katedra podnikových financií
Outros Autores: Tóthová, Alena, 1968-
Formato: Livro
Idioma:eslovaco
Publicado em: Bratislava 2015
Tags: Adicionar Tag
Sem tags, seja o primeiro a adicionar uma tag!

MARC

LEADER 00000nbm a2200000 4500
001 0201285
005 20161212101414.0
041 0 |a slo 
044 |a SK 
245 1 0 |a Vplyv prostredia na finančnú situáciu podniku  |b diplomová práca  |c Ágnes Bajcsiová ; školiteľ: Alena Tóthová 
264 1 |a Bratislava  |c 2015 
300 |a 81 s. 
100 1 |a Bajcsiová, Ágnes 
700 1 |a Tóthová, Alena, 1968- 
710 2 |a Fakulta podnikového manažmentu EU. Katedra podnikových financií